000 00443nam a2200181Ia 4500
001 22977
005 20260414150906.0
008 260414t1999||||xx |||||||||||||| ||spa||
041 _aESP
082 _a624.171
_bT832
100 _aTedesco, Joseph
_eAUT
245 0 _aStructural dynamics :
_btheory and applications
260 _c1999
300 _ax, 816 páginas :
_c25 cm.
650 _a0
654 _aCIC
942 _cLIB
_dJUS
_fJUS
_2ddc
_n
999 _c22977
_d22977